| 000 | 00642nam a2200229 i 4500 | ||
|---|---|---|---|
| 001 | bgj | ||
| 245 | 1 | 0 |
_aDuden : _bBriefe gut und richtig schreiben! : Ratgeber für richtiges und modernes Schreiben / _cbearb. von der Dudenredaktion ; Anja Konopka. |
| 250 | _aWyd. 3. | ||
| 260 |
_aMannheim : _bDudenverlag, _c2002. |
||
| 300 |
_a862 s. ; _c23 cm. |
||
| 650 | 9 | _aJęzyk niemiecki | |
| 655 | _aSłowniki | ||
| 700 | 1 | _aKONOPKA, Anja. | |
| 020 | _a3411055634 | ||
| 040 | _cBPK | ||
| 041 | 0 | _ager | |
| 044 | _aDEU | ||
| 080 | _a811.112.2(03) | ||
| 920 | _a3-411-05563-4 | ||
| 942 | _cKS | ||
| 008 | s gw f |000 0 ger | ||
| 999 |
_c49428 _d49428 |
||
| 856 |
_uhttp://koha.tu.koszalin.pl/cgi-bin/koha/opac-detail.pl?biblionumber=49428 _yKatalog online BPK |
||